Financial statement analysis. -- 9th ed. (Record no. 63118)

MARC details
000 -LEADER
fixed length control field 01340nam a2200253 a 4500
008 - FIXED-LENGTH DATA ELEMENTS--GENERAL INFORMATION
fixed length control field 090709s2007 ||||||||||||||||| || u
020 ## - INTERNATIONAL STANDARD BOOK NUMBER
International Standard Book Number 9780073100234
050 ## - LIBRARY OF CONGRESS CALL NUMBER
Classification number HF 5681.B2 Wil
100 ## - MAIN ENTRY--PERSONAL NAME
Personal name Halsey, Robert F
245 10 - TITLE STATEMENT
Title Financial statement analysis. -- 9th ed.
Statement of responsibility, etc. John J. Wild, K. R. Subramanyam and Robert F. Halsey
250 ## - EDITION STATEMENT
Edition statement 9th ed.
260 ## - PUBLICATION, DISTRIBUTION, ETC.
Place of publication, distribution, etc. New York:
Name of publisher, distributor, etc. McGraw-Hill/Irwin
Date of publication, distribution, etc. 2007
300 ## - PHYSICAL DESCRIPTION
Extent xxiii, 657, 106p.: ill.
350 ## -
-- 0.00
500 ## - GENERAL NOTE
General note Includes index
650 #0 - SUBJECT ADDED ENTRY--TOPICAL TERM
Topical term or geographic name entry element BUSINESS
650 ## - SUBJECT ADDED ENTRY--TOPICAL TERM
Topical term or geographic name entry element BUSINESS ACCOUNTING--FINANCIAL STATEMENTS
700 ## - ADDED ENTRY--PERSONAL NAME
Personal name Wild, John J
700 ## - ADDED ENTRY--PERSONAL NAME
Personal name Subramanyam, K. R
995 ## -
-- ANNEX COLLECTION (Main Library)
-- 0.00
-- 740290
-- CBU-MAIN LIBRARY (Kitwe)
-- 1
-- 0.00
-- HF 5681.B2 Wil
-- 2
-- AVAILABLE
-- Aug 26, 2009
-- 740290
-- Annex Low-Usage Collection
995 ## -
-- MAIN LIBRARY OPEN ACCESS
-- 0.00
-- 740291
-- CBU-MAIN LIBRARY (Kitwe)
-- 1
-- 0.00
-- HF 5681.B2 Wil
-- 3
-- AVAILABLE
-- Aug 26, 2009
-- 740291
-- Main Library Open Access Collection
995 ## -
-- ANNEX COLLECTION (Main Library)
-- 0.00
-- 740292
-- CBU-MAIN LIBRARY (Kitwe)
-- 1
-- 0.00
-- HF 5681.B2 Wil
-- 4
-- AVAILABLE
-- Aug 26, 2009
-- 740292
-- Annex Low-Usage Collection
995 ## -
-- MAIN LIBRARY OPEN ACCESS
-- 0.00
-- 740289
-- CBU-MAIN LIBRARY (Kitwe)
-- 1
-- 0.00
-- HF 5681.B2 Wil
-- 1
-- AVAILABLE
-- Aug 26, 2009
-- 740289
-- Main Library Open Access Collection
999 ## -
-- 63118
-- 63118
Holdings
Withdrawn status Lost status Source of classification or shelving scheme Damaged status Not for loan Permanent Location Current Location Shelving location Date acquired Total Checkouts Full call number Barcode Date last seen Price effective from Koha item type
          CBU-MAIN LIBRARY, KITWE. CBU-MAIN LIBRARY, KITWE.   12/24/2022   HF 5681.B2 Wil 740290 12/24/2022 12/24/2022 MONOGRAPH
          CBU-MAIN LIBRARY, KITWE. CBU-MAIN LIBRARY, KITWE.   12/24/2022   HF 5681.B2 Wil 740291 12/24/2022 12/24/2022 MONOGRAPH
          CBU-MAIN LIBRARY, KITWE. CBU-MAIN LIBRARY, KITWE.   12/24/2022   HF 5681.B2 Wil 740292 12/24/2022 12/24/2022 MONOGRAPH
          CBU-MAIN LIBRARY, KITWE. CBU-MAIN LIBRARY, KITWE.   12/24/2022   HF 5681.B2 Wil 740289 12/24/2022 12/24/2022 MONOGRAPH